Nottingham Forest Squad 1979-1980 - Statistics

General Stats
  • This quiz has been taken 7 times
  • The average score is 14 of 22
Answer Stats
Position Nation Player % Correct
FW Scotland John Robertson
100%
GK England Peter Shilton
100%
FW England Tony Woodcock
100%
FW England Trevor Francis
100%
DF England Viv Anderson
100%
Coach England Brian Clough
86%
FW England Garry Birtles
86%
DF Scotland Kenny Burns
86%
MF Northern Ireland Martin O'Neill
86%
DF Scotland Frank Gray
71%
MF England Ian Bowyer
71%
MF Scotland John McGovern
71%
DF England Larry Lloyd
71%
DF England David Needham
43%
MF England Gary Mills
43%
FW Scotland John O'Hare
43%
DF England Bryn Gunn
29%
DF England Colin Barrett
29%
GK England Jimmy Montgomery
29%
GK England Steve Sutton
29%
MF England Charlie George
14%
MF England Stan Bowles
14%
No matching quizzes found
Score Distribution
Percent of People with Each Score
Percentile by Number Answered
Your Score History
You have not taken this quiz